Memorias [de Tennessee Williams] /

Tallennettuna:
Bibliografiset tiedot
Päätekijä: Williams, Tennessee (autor)
Aineistotyyppi: Kirja
Kieli:espanja
Julkaistu: Barcelona, España : Bruguera, 2008, c2008
Sarja:(Bruguera Ensayo)
Aiheet:
Tagit: Lisää tagi
Ei tageja, Lisää ensimmäinen tagi!

MARC

LEADER 00000nam^a2200000^a^4500
001 000343658
005 20250521000000.0
009 20260310114628.511
020 |a 978-84-02-42052-7 
037 |a Acervo ITESO - Biblioteca 
041 |a ESP 
082 |a 810. 92  |b WIL 
100 |a Williams, Tennessee  |e (autor) 
245 1 0 |a Memorias [de Tennessee Williams] /  |c T. Williams ; tr. por Antonio Samons García. 
264 4 |a Barcelona, España :  |b Bruguera,  |c 2008, c2008 
300 |a 408 p., [64 p. de láminas] 
336 |a texto  |b txt  |2 rdacontenido 
337 |a sin mediación  |b n  |2 rdamedio 
338 |a volumen  |b nc  |2 rdasoporte 
440 1 |a (Bruguera Ensayo) 
500 |a Traducción de: Memoirs 
649 |a XX 
650 |a Escritores Norteamericanos -  |x Memorias 
650 |a Memorias Norteamericanas 
650 |a Teatro Norteamericano -  |x Historia y Crítica 
650 |a Literatura Autobiográfica -  |z EUA 
650 |a Literatura Norteamericana -  |y Siglo XX 
650 |a Williams, Tennessee -  |x Tema Principal 
910 |a Fondo General 
920 |a Impresos - Libros 
930 |a Colección General 
940 |a Literatura 
905 |a 101 
901 |a 0500234330  |b IT1  |c LIT  |i D59040  |u 20250521 
902 |a https://opac.biblio.iteso.mx/vufind/Record/000343658